000
00250nam a2200097Ia 4500
001
1176869
005
20250827012717.0
008
250824s9999 xx 000 0 und d
245
0
_a
TEKNOLOJİ FELSEFESİ
_c
STIG BORSEN HANSEN
260
_b
KETEBE BİLİM
999
_c
1176869
_d
1176869